Statistiques concernant Partenaires commerciaux de l'Afrique du Sud

Cliquez ici pour prendre le quiz!

Statistiques générales

  • Ce quiz a été pris 9 826 fois
  • Le résultat moyen est 17 sur 25

Statistiques - réponses

ExportImportPays% Correct
9,3613,8Chine
98%
5,474,98Etats-Unis
98%
2,25France
98%
1,40Brésil
91%
3,162,16Royaume-Uni
90%
1,32Espagne
88%
3,153,10Inde
88%
3,452,55Japon
86%
5,268,82Allemagne
85%
1,84Italie
81%
3,53Namibie
66%
1,27Angola
62%
2,26Mozambique
62%
1,31Corée du Sud
61%
2,84Arabie Saoudite
60%
2,00Zimbabwe
60%
3,71Botswana
58%
1,991,29Pays-Bas
57%
2,08Zambie
56%
1,15Eswatini
51%
2,29Belgique
49%
2,07Nigeria
45%
2,15Thaïlande
43%
1,33Émirats arabes unis
38%
1,19Viêt Nam
36%

Distribution des résultats

Percentile par nombre de réponses

% des personnes avec chaque résultat

Votre développement - résultats

Vous n’avez pas pris ce quiz